| 000 | 01173nam a22003617a 4500 | ||
|---|---|---|---|
| 003 | CHAP | ||
| 005 | 20220329133549.0 | ||
| 008 | 971013s1989 r 00010 d | ||
| 010 | _a7934 | ||
| 011 | _a8906 | ||
| 035 | _a8138 | ||
| 040 | _cCHAP | ||
| 082 |
_a635.93315 _bL6 |
||
| 100 | 0 | 0 |
_aLópez Mélida, Julio. _968130 |
| 245 | _aProducción de claveles y gladiolos | ||
| 260 |
_aMadrid: _bMundi-Prensa, _c1989 |
||
| 300 |
_a114 p. _b: ilus. |
||
| 490 | _aAgroguías Mundi-Prensa | ||
| 590 |
_aBATCH-UPD _b10 _c20130110 _lUCH01 _h0000 |
||
| 590 |
_aBATCH-UPD _b10 _c20130110 _lUCH01 _h1506 |
||
| 590 |
_aBATCH-UPD _b10 _c20130409 _lUCH01 _h1935 |
||
| 590 |
_aBATCH-UPD _b10 _c20130410 _lUCH01 _h0925 |
||
| 590 |
_aBATCH-UPD _b10 _c20130914 _lUCH01 _h0947 |
||
| 590 |
_aCONVERSION _b10 _c20130109 _lUCH01 _h1305 |
||
| 650 | 1 | 4 |
_aClavel. _923698 |
| 650 | 1 | 4 |
_aFloricultura. _941822 |
| 650 | 1 | 4 |
_aGladiolas. _948227 |
| 830 | 0 |
_aAgroguias Mundi-Prensa _92183 |
|
| 901 | _aBK | ||
| 942 | _cLIBRO | ||
| 949 |
_a635.93315 L6 _bBC _cLIBRO _d-18279 _eLIBRO _gI. c/e _h83564 _i8138 _si _t65.00 |
||
| 949 |
_a635.93315 L6 _bBC _cLIBRO _d33724000238986 _eLIBRO _fc.2 _gI. c/e _h83565 _i8138 _si _t65.00 |
||
| 999 |
_c7934 _d7934 |
||